ARRUPE JESUIT UNIVERSITY

CORONAVIRUS -STOP THE SPREAD - CLEAN,DISINFECT,COVER

Inside Faith (Record no. 120079)

MARC details
000 -LEADER
fixed length control field 00448nam a22001457a 4500
008 - FIXED-LENGTH DATA ELEMENTS--GENERAL INFORMATION
fixed length control field 140218b xxu||||| |||| 00| 0 eng d
020 ## - INTERNATIONAL STANDARD BOOK NUMBER
International Standard Book Number 97802325277339
050 ## - LIBRARY OF CONGRESS CALL NUMBER
Classification number BV4465.N753 2009
100 ## - MAIN ENTRY--PERSONAL NAME
Personal name Noblett, William
9 (RLIN) 8718
245 ## - TITLE STATEMENT
Title Inside Faith
Remainder of title Praying for people in prison /
Statement of responsibility, etc William Noblett
260 ## - PUBLICATION, DISTRIBUTION, ETC. (IMPRINT)
Place of publication, distribution, etc London
Name of publisher, distributor, etc Darton, Longman and Todd
Date of publication, distribution, etc 2009
300 ## - PHYSICAL DESCRIPTION
Extent 304p.
650 ## - SUBJECT ADDED ENTRY--TOPICAL TERM
Topical term or geographic name as entry element Church work with prisoners
9 (RLIN) 8719
942 ## - ADDED ENTRY ELEMENTS (KOHA)
Source of classification or shelving scheme Library of Congress Classification
Item type Monograph ( Printed materials)
Holdings
Withdrawn status Lost status Source of classification or shelving scheme Damaged status Not for loan Home library Current library Shelving location Date acquired Total Checkouts Full call number Barcode Date last seen Price effective from Koha item type
    Library of Congress Classification     ARRUPE LIBRARY ARRUPE LIBRARY Main Collection 18/02/2014   BV4465.N753 2009 46500002299 24/01/2017 18/02/2014 Monograph ( Printed materials)

 

Arrupe Library. PO Box MP320 Mt Pleasant, Harare, Zimbabwe
263 242 745411|librarian@aju.ac.zw